000 00871nas a2200301 4500
001 BR2016005052
003 BR-BrBNA
005 20231205130741.0
007 ta
008 230509b bl.|||p| |||| 00| 00por d
040 _aBR-BrBNA
_bpor
_cBiblioteca Nacional de Agricultura
041 _a(Pt)
072 _aE71
100 1 _aPelaez, V.
100 1 _aTeodoricz, T.
100 1 _aGuimarães, T.A.
100 1 _aSilva, L.R. da
100 1 _aMoreau, D.
100 1 _aMizukawa, G.
245 1 _aA dinâmica do comércio internacional de agrotóxicos
650 _aAGROTÓXICO
650 _aCOMÉRCIO EXTERIOR
650 _aEXPORTAÇÃO
650 _aIMPORTAÇÃO
773 0 _tRevista de Política Agrícola (Brazil)
_xISSN 1413-4969
_g(Apr-Jun 2016), v. 25(2) p. 39-52
_wBR2016005052
909 _a202311
_bLúcia
_c55
_dLúcia Elande
942 _2AGRIS
_n0
_cANA
999 _c251009
_d251009